[Event "LiSB-ch"]
[Site "Sittard"]
[Date "2003.11.29"]
[Round "1"]
[White "Coenen, Eduard"]
[Black "Talsma, Paul A"]
[Result "0-1"]
[WhiteElo "2069"]
[BlackElo "2155"]
[PlyCount "79"]
[EventDate "2003.11.29"]
[EventType "tourn"]
[EventRounds "7"]
[EventCountry "NED"]
[Source "P.Boonen"]
[SourceDate "2012.01.01"]

1. d4 f5 2. Nf3 Nf6 3. c4 g6 4. g3 Bg7 5. Bg2 O-O 6. O-O d6 7. b3 Na6 8. Bb2
Qe8 9. e3 c6 10. a3 Rb8 11. Nbd2 h6 12. h4 b5 13. Rc1 bxc4 14. Nxc4 Nc7 15. Qc2
Bd7 16. Na5 Ncd5 17. b4 Rc8 18. Nd2 g5 19. hxg5 hxg5 20. e4 fxe4 21. Nxe4 Qh5
22. Nxf6+ Nxf6 23. Qb3+ Rf7 24. f3 g4 25. fxg4 Qxg4 26. Nxc6 Bxc6 27. Rxc6 Rcf8
28. Rf4 Qe2 29. Rc2 Qd1+ 30. Rf1 Qh5 31. Rcf2 Kh8 32. Bf3 Qg6 33. Rh2+ Bh6 34.
Bg2 Ng4 35. d5+ Kg8 36. Rh4 Rxf1+ 37. Bxf1 Be3+ 38. Kg2 Rf2+ 39. Kg1 Rxb2+ 40.
Kh1 0-1

[Event "LiSB-ch"]
[Site "Sittard"]
[Date "2003.11.29"]
[Round "1"]
[White "Hendrikx, Tony"]
[Black "Simenon, Jozef"]
[Result "1/2-1/2"]
[WhiteElo "1947"]
[BlackElo "1983"]
[PlyCount "54"]
[EventDate "2003.11.29"]
[EventType "tourn"]
[EventRounds "7"]
[EventCountry "NED"]
[Source "P.Boonen"]
[SourceDate "2012.01.01"]

1. d4 c5 2. c3 cxd4 3. cxd4 Nf6 4. g3 g6 5. Bg2 Bg7 6. Nf3 O-O 7. O-O d5 8. Nc3
Nc6 9. Bf4 Nh5 10. Be3 f5 11. Qd2 e6 12. a3 Na5 13. Qd3 Nc4 14. Bc1 Bd7 15. b3
Nd6 16. a4 Re8 17. Ne5 Nf7 18. Nxf7 Kxf7 19. e3 Rc8 20. Ba3 Bf8 21. Bxf8 Rxf8
22. Rfc1 Qe7 23. Ne2 Qb4 24. Bf1 Nf6 25. Rxc8 Rxc8 26. Rc1 Rxc1 27. Nxc1 Qe1
1/2-1/2

[Event "LiSB-ch"]
[Site "Sittard"]
[Date "2003.11.29"]
[Round "1"]
[White "Renet, Jacques"]
[Black "Bus, Tom"]
[Result "1-0"]
[WhiteElo "2212"]
[BlackElo "1979"]
[PlyCount "83"]
[EventDate "2003.11.29"]
[EventType "tourn"]
[EventRounds "7"]
[EventCountry "NED"]
[Source "P.Boonen"]
[SourceDate "2012.01.01"]

1. g3 e5 2. Bg2 d5 3. d3 Nf6 4. Nf3 Nc6 5. c3 g6 6. Qc2 Bg7 7. e4 O-O 8. O-O h6
9. Re1 dxe4 10. dxe4 Be6 11. b4 Ne8 12. Nbd2 Nd6 13. Bb2 a5 14. a3 Qe7 15. Bf1
b5 16. Nh4 h5 17. Nb3 Bc4 18. Bg2 a4 19. Nc5 Nd8 20. Bc1 Ne6 21. Be3 Rfe8 22.
Nf3 Nxc5 23. Bxc5 Qf6 24. Nd2 Be6 25. Bf1 Nc4 26. Nxc4 Bxc4 27. Bxc4 bxc4 28.
Rad1 h4 29. Qe2 h3 30. Rd7 Rad8 31. Be7 Rxe7 32. Rxd8+ Kh7 33. Qg4 Bh6 34. Qxh3
Re6 35. Rd7 Rd6 36. Rd1 Qf3 37. R1xd6 cxd6 38. Qe6 Kg7 39. Qxc4 Bd2 40. Rxd6
Be1 41. Qc5 Bxc3 42. Qe3 1-0

[Event "LiSB-ch"]
[Site "Sittard"]
[Date "2003.11.29"]
[Round "1"]
[White "Van Gool, Henk"]
[Black "Bischoff, Gerard"]
[Result "1-0"]
[WhiteElo "2112"]
[BlackElo "1976"]
[PlyCount "113"]
[EventDate "2003.11.29"]
[EventType "tourn"]
[EventRounds "7"]
[EventCountry "NED"]
[Source "P.Boonen"]
[SourceDate "2012.01.01"]

1. e4 e5 2. Nf3 Nc6 3. Nc3 Nf6 4. a3 d6 5. h3 Be7 6. d4 O-O 7. Bb5 exd4 8. Nxd4
Nxd4 9. Qxd4 a6 10. Be2 b5 11. O-O Bb7 12. Bf3 Nd7 13. Nd5 Bxd5 14. Qxd5 Ne5
15. Be2 c6 16. Qb3 c5 17. Qd5 Qc7 18. f4 Nd7 19. Bf3 Rad8 20. Qd3 Bf6 21. c4
Qb6 22. Rb1 Bd4+ 23. Kh1 Rb8 24. b4 bxc4 25. Qxc4 Qb5 26. Be2 Nf6 27. Qc2 Qe8
28. Bf3 Qb5 29. Bd2 Rfc8 30. bxc5 Qxc5 31. Qxc5 dxc5 32. e5 Ne8 33. Bb7 Rc7 34.
Bxa6 Ra8 35. Bb5 Rca7 36. a4 Nc7 37. Bc6 Rd8 38. Rfd1 Ne6 39. f5 Nf8 40. Bf4 g6
41. g4 Kg7 42. Kg2 Nd7 43. Re1 Rc7 44. Bb5 Ra7 45. e6 fxe6 46. fxe6 Nf6 47. e7
Re8 48. Bxe8 Nxe8 49. Rb8 Kf7 50. Rf1 Ng7 51. Bg5+ Ke6 52. e8=Q+ Nxe8 53. Rxe8+
Kd5 54. Rd8+ Kc4 55. Rc1+ Kb3 56. Rb8+ Kxa4 57. Be3 1-0

[Event "LiSB-ch"]
[Site "Sittard"]
[Date "2003.11.29"]
[Round "2"]
[White "Bus, Tom"]
[Black "Van Gool, Henk"]
[Result "1-0"]
[WhiteElo "1979"]
[BlackElo "2112"]
[PlyCount "79"]
[EventDate "2003.11.29"]
[EventType "tourn"]
[EventRounds "7"]
[EventCountry "NED"]
[Source "P.Boonen"]
[SourceDate "2012.01.01"]

1. c4 e5 2. g3 Nc6 3. Bg2 g6 4. Nc3 Bg7 5. e4 Nge7 6. Nge2 O-O 7. O-O d6 8. d3
Be6 9. Nd5 a5 10. Bg5 f6 11. Be3 Bf7 12. Qd2 Qd7 13. Rac1 Rfb8 14. b3 Nb4 15.
d4 Nbxd5 16. cxd5 c6 17. dxc6 bxc6 18. dxe5 fxe5 19. Nc3 Rb7 20. Rfd1 Rd8 21.
Na4 Qc7 22. Bg5 Rb4 23. Qe1 c5 24. Bd2 Nc6 25. Bxb4 axb4 26. Bf1 Bh6 27. Rc2
Rb8 28. Bc4 Nd4 29. Rxd4 exd4 30. Nb2 Bxc4 31. Rxc4 Qa7 32. Qb1 Ra8 33. Na4 Re8
34. Qd3 Qa8 35. f3 Be3+ 36. Kh1 d5 37. Rxc5 dxe4 38. Qc4+ Kh8 39. f4 d3 40. Rc7
{Time} 1-0

[Event "LiSB-ch"]
[Site "Sittard"]
[Date "2003.11.29"]
[Round "2"]
[White "Hendrikx, Tony"]
[Black "Coenen, Eduard"]
[Result "0-1"]
[WhiteElo "1947"]
[BlackElo "2069"]
[PlyCount "68"]
[EventDate "2003.11.29"]
[EventType "tourn"]
[EventRounds "7"]
[EventCountry "NED"]
[Source "P.Boonen"]
[SourceDate "2012.01.01"]

1. d4 d5 2. Bg5 c6 3. Nf3 Bf5 4. c4 Bxb1 5. Qxb1 dxc4 6. e4 h6 7. Bf4 b5 8. a4
e6 9. axb5 Bb4+ 10. Bd2 Bxd2+ 11. Nxd2 cxb5 12. b3 Qxd4 13. bxc4 b4 14. Be2 a5
15. Ra2 Nc6 16. O-O Nge7 17. Nb3 Qb6 18. c5 Qc7 19. Bb5 O-O 20. Rd1 e5 21. Qa1
Nd4 22. Nxd4 exd4 23. Rxd4 Qxc5 24. Ba4 Rfd8 25. Rad2 Rxd4 26. Qxd4 Qxd4 27.
Rxd4 Rc8 28. Rd1 Rc3 29. f4 Ra3 30. Bb5 b3 31. e5 Ng6 32. Rd8+ Nf8 33. e6 fxe6
34. f5 b2 0-1

[Event "LiSB-ch"]
[Site "Sittard"]
[Date "2003.11.29"]
[Round "2"]
[White "Simenon, Jozef"]
[Black "Bischoff, Gerard"]
[Result "1-0"]
[WhiteElo "1983"]
[BlackElo "1976"]
[PlyCount "105"]
[EventDate "2003.11.29"]
[EventType "tourn"]
[EventRounds "7"]
[EventCountry "NED"]
[Source "P.Boonen"]
[SourceDate "2012.01.01"]

1. c4 e5 2. Nc3 f5 3. Nf3 Nc6 4. d4 e4 5. Ng5 Be7 6. Nh3 Nf6 7. e3 O-O 8. Be2
Kh8 9. Nf4 Bb4 10. Bd2 Bxc3 11. Bxc3 d6 12. h4 Ne7 13. d5 Neg8 14. Qd2 Nh6 15.
Nh5 Nxh5 16. Bxh5 Qe7 17. O-O-O Bd7 18. f3 Be8 19. Bxe8 Raxe8 20. Rde1 b6 21.
Qd4 Qe5 22. Qxe5 dxe5 23. fxe4 fxe4 24. Rhf1 Ng4 25. Kd2 h5 26. Bb4 Rf6 27.
Rxf6 gxf6 28. Rf1 Kg7 29. Bc3 Kg6 30. b4 Rd8 31. Ke2 Nh6 32. Rd1 Nf5 33. Be1 a6
34. a4 Kf7 35. Bf2 Ne7 36. Be1 c6 37. d6 Nf5 38. c5 bxc5 39. bxc5 Rb8 40. d7
Rd8 41. Ba5 Ke7 42. Bxd8+ Kxd8 43. Kf2 Nh6 44. Rd6 Ng4+ 45. Ke2 f5 46. g3 a5
47. Kd2 Nf2 48. Rxc6 Kxd7 49. Rf6 f4 50. gxf4 exf4 51. Rxf4 Nd3 52. Rxe4 Nxc5
53. Re5 1-0

[Event "LiSB-ch"]
[Site "Sittard"]
[Date "2003.11.29"]
[Round "2"]
[White "Talsma, Paul A"]
[Black "Renet, Jacques"]
[Result "0-1"]
[WhiteElo "2155"]
[BlackElo "2212"]
[PlyCount "56"]
[EventDate "2003.11.29"]
[EventType "tourn"]
[EventRounds "7"]
[EventCountry "NED"]
[Source "P.Boonen"]
[SourceDate "2012.01.01"]

1. g3 g6 2. Bg2 Bg7 3. e4 c6 4. Nc3 d6 5. a4 f5 6. d4 Na6 7. Nge2 Nf6 8. O-O
O-O 9. a5 fxe4 10. Nxe4 Bf5 11. Nxf6+ Bxf6 12. c3 Qd7 13. Bh6 Rf7 14. Qd2 Nc7
15. Rfe1 Rd8 16. Bg5 Bg7 17. c4 Rdf8 18. d5 cxd5 19. cxd5 Bh3 20. Be3 Bxg2 21.
Kxg2 Qb5 22. Nf4 g5 23. Ne6 Nxe6 24. dxe6 Rf5 25. Bxa7 Bxb2 26. Rab1 Qc6+ 27.
Kg1 Bc3 28. Qe3 Re5 0-1

[Event "LiSB-ch"]
[Site "Sittard"]
[Date "2003.11.30"]
[Round "3"]
[White "Bischoff, Gerard"]
[Black "Bus, Tom"]
[Result "0-1"]
[WhiteElo "1976"]
[BlackElo "1979"]
[PlyCount "64"]
[EventDate "2003.11.29"]
[EventType "tourn"]
[EventRounds "7"]
[EventCountry "NED"]
[Source "P.Boonen"]
[SourceDate "2012.01.01"]

1. d4 c5 2. d5 Nf6 3. c4 b5 4. cxb5 a6 5. bxa6 g6 6. e3 Bg7 7. Nc3 O-O 8. Bd3
d6 9. Nf3 Bxa6 10. O-O Qa5 11. Re1 Nfd7 12. e4 Bxc3 13. bxc3 Qxc3 14. Bh6 Qxd3
15. Qb3 Qxb3 16. axb3 Re8 17. h4 f6 18. g4 Ne5 19. Nxe5 fxe5 20. Kg2 Nd7 21.
Kg3 Reb8 22. Re3 Bc8 23. Rxa8 Rxa8 24. Rc3 Nf6 25. f3 Bxg4 26. b4 cxb4 27. Rb3
Bxf3 28. Kxf3 Ra3 29. Re3 Kf7 30. Rxa3 bxa3 31. Bc1 a2 32. Bb2 Nd7 0-1

[Event "LiSB-ch"]
[Site "Sittard"]
[Date "2003.11.30"]
[Round "3"]
[White "Coenen, Eduard"]
[Black "Simenon, Jozef"]
[Result "0-1"]
[WhiteElo "2069"]
[BlackElo "1983"]
[PlyCount "100"]
[EventDate "2003.11.29"]
[EventType "tourn"]
[EventRounds "7"]
[EventCountry "NED"]
[Source "P.Boonen"]
[SourceDate "2012.01.01"]

1. d4 Nf6 2. Nf3 g6 3. Bg5 Bg7 4. Nbd2 d5 5. e3 O-O 6. Bd3 c5 7. c3 cxd4 8.
exd4 Nc6 9. O-O Qd6 10. Re1 Nd7 11. Bb5 e6 12. Qe2 a6 13. Bxc6 bxc6 14. b4 a5
15. a3 Ba6 16. Qe3 axb4 17. axb4 Bb5 18. Bf4 Qe7 19. Nb3 Nb6 20. Na5 Nc4 21.
Nxc4 Bxc4 22. Bh6 Rfe8 23. h4 Bh8 24. Ne5 Rxa1 25. Rxa1 Bxe5 26. Qxe5 f6 27.
Qe3 e5 28. dxe5 Qxe5 29. Qc5 Qxc3 30. Ra7 Qe1+ 31. Kh2 Qe4 32. Be3 Qxh4+ 33.
Kg1 Qh5 34. Qxc6 Qd1+ 35. Kh2 Qh5+ 36. Kg3 Qe5+ 37. Bf4 Qc3+ 38. f3 Qe1+ 39.
Kh3 Qe6+ 40. Qxe6+ Rxe6 41. Bh6 Re8 42. Rb7 d4 43. Rg7+ Kh8 44. Rc7 Be6+ 45.
Kg3 d3 46. Kf2 Bf5 47. g4 Re2+ 48. Kg1 Rh2 49. gxf5 Rxh6 50. fxg6 hxg6 0-1

[Event "LiSB-ch"]
[Site "Sittard"]
[Date "2003.11.30"]
[Round "3"]
[White "Renet, Jacques"]
[Black "Hendrikx, Tony"]
[Result "1/2-1/2"]
[WhiteElo "2212"]
[BlackElo "1947"]
[PlyCount "44"]
[EventDate "2003.11.29"]
[EventType "tourn"]
[EventRounds "7"]
[EventCountry "NED"]
[Source "P.Boonen"]
[SourceDate "2012.01.01"]

1. g3 Nf6 2. Bg2 d5 3. d3 e5 4. Nf3 Bd6 5. c3 O-O 6. O-O Re8 7. Qc2 c6 8. e4
Nbd7 9. Nbd2 Qc7 10. Re1 b6 11. Nf1 Bb7 12. Be3 Rad8 13. Rad1 Nc5 14. b4 Ne6
15. Ng5 Nf8 16. d4 h6 17. dxe5 Bxe5 18. f4 hxg5 19. fxe5 Nxe4 20. Bxe4 dxe4 21.
Rxd8 Qxd8 22. Qxe4 Qe7 1/2-1/2

[Event "LiSB-ch"]
[Site "Sittard"]
[Date "2003.11.30"]
[Round "3"]
[White "Van Gool, Henk"]
[Black "Talsma, Paul A"]
[Result "1/2-1/2"]
[WhiteElo "2112"]
[BlackElo "2155"]
[PlyCount "118"]
[EventDate "2003.11.29"]
[EventType "tourn"]
[EventRounds "7"]
[EventCountry "NED"]
[Source "P.Boonen"]
[SourceDate "2012.01.01"]

1. e4 Nc6 2. Nc3 e5 3. Nf3 Nf6 4. h3 Bb4 5. Nd5 Nxd5 6. exd5 e4 7. dxc6 exf3 8.
Qxf3 dxc6 9. Bc4 Qe7+ 10. Kd1 O-O 11. c3 Bd6 12. Re1 Qg5 13. d3 Qf5 14. Qe2 Bd7
15. g4 Qg6 16. f4 Rae8 17. Qf3 Rxe1+ 18. Kxe1 Kh8 19. Bd2 f5 20. g5 Be6 21.
Bxe6 Qxe6+ 22. Kf2 Kg8 23. b3 Qd5 24. Qxd5+ cxd5 25. b4 Re8 26. a4 a6 27. Rb1
c6 28. Kf3 Kf7 29. Be3 Bc7 30. b5 cxb5 31. axb5 a5 32. b6 Bd6 33. Rb5 Ra8 34.
Rxd5 Ke6 35. c4 a4 36. Bd4 g6 37. Rb5 a3 38. Ba1 Kd7 39. d4 a2 40. c5 Ra3+ 41.
Ke2 Bxf4 42. d5 Re3+ 43. Kf2 Rd3 44. c6+ bxc6 45. dxc6+ Kxc6 46. Rb4 Bd6 47. b7
Rd1 48. Bf6 a1=Q 49. Bxa1 Rxa1 50. b8=Q Bxb8 51. Rxb8 Ra3 52. Kg2 Ra7 53. h4
Kd6 54. Rb6+ Ke5 55. Rf6 Kd5 56. h5 Rg7 57. hxg6 hxg6 58. Kf3 Ke5 59. Ra6 Rg8
1/2-1/2

[Event "LiSB-ch"]
[Site "Sittard"]
[Date "2003.11.30"]
[Round "4"]
[White "Coenen, Eduard"]
[Black "Renet, Jacques"]
[Result "0-1"]
[WhiteElo "2069"]
[BlackElo "2212"]
[PlyCount "58"]
[EventDate "2003.11.29"]
[EventType "tourn"]
[EventRounds "7"]
[EventCountry "NED"]
[Source "P.Boonen"]
[SourceDate "2012.01.01"]

1. d4 g6 2. Nf3 Bg7 3. Bg5 c5 4. c3 Qb6 5. Qb3 Qxb3 6. axb3 cxd4 7. Nxd4 Bxd4
8. cxd4 Nc6 9. e3 h6 10. Bh4 g5 11. Bg3 Nf6 12. h4 g4 13. Nc3 d6 14. Bc4 O-O
15. h5 Nb4 16. Ra4 a5 17. Bf4 Bd7 18. Bxh6 Rfc8 19. Be2 b5 20. Rxb4 axb4 21.
Nd1 Be6 22. Bg5 Bxb3 23. Rh4 Ra1 24. Bxf6 exf6 25. Rxg4+ Kh8 26. d5 Rc2 27. Bf3
Rxb2 28. Rd4 Bc2 29. Rd2 b3 0-1

[Event "LiSB-ch"]
[Site "Sittard"]
[Date "2003.11.30"]
[Round "4"]
[White "Hendrikx, Tony"]
[Black "Van Gool, Henk"]
[Result "1/2-1/2"]
[WhiteElo "1947"]
[BlackElo "2112"]
[PlyCount "73"]
[EventDate "2003.11.29"]
[EventType "tourn"]
[EventRounds "7"]
[EventCountry "NED"]
[Source "P.Boonen"]
[SourceDate "2012.01.01"]

1. d4 Nf6 2. Bg5 d5 3. Bxf6 gxf6 4. e3 e5 5. c4 c6 6. Nc3 Qb6 7. Qb3 Qxb3 8.
axb3 Bb4 9. Nf3 dxc4 10. bxc4 Bg4 11. Nd2 exd4 12. exd4 O-O 13. f3 Be6 14. Rd1
Rd8 15. Nde4 Kg7 16. Be2 Na6 17. Kf2 Nc7 18. h4 f5 19. Ng3 Bxc3 20. bxc3 b5 21.
d5 cxd5 22. cxb5 Ne8 23. Nh5+ Kf8 24. Nf4 Rac8 25. c4 d4 26. Rc1 Rc5 27. Rhd1
Rd7 28. Rd2 Ke7 29. Rdc2 Nd6 30. Nd3 Rxc4 31. Rxc4 Bxc4 32. Ne5 Bxe2 33. Nxd7
Bxb5 34. Ne5 Ke6 35. Nc6 Kd5 36. Ne7+ Ke6 37. Nc6 1/2-1/2

[Event "LiSB-ch"]
[Site "Sittard"]
[Date "2003.11.30"]
[Round "4"]
[White "Simenon, Jozef"]
[Black "Bus, Tom"]
[Result "1/2-1/2"]
[WhiteElo "1983"]
[BlackElo "1979"]
[PlyCount "20"]
[EventDate "2003.11.29"]
[EventType "tourn"]
[EventRounds "7"]
[EventCountry "NED"]
[Source "P.Boonen"]
[SourceDate "2012.01.01"]

1. c4 c5 2. Nc3 b6 3. e4 Bb7 4. f4 e6 5. Nf3 d6 6. d4 cxd4 7. Qxd4 Nf6 8. b3
Be7 9. Bb2 O-O 10. O-O-O a6 1/2-1/2

[Event "LiSB-ch"]
[Site "Sittard"]
[Date "2003.11.30"]
[Round "4"]
[White "Talsma, Paul A"]
[Black "Bischoff, Gerard"]
[Result "1-0"]
[WhiteElo "2155"]
[BlackElo "1976"]
[PlyCount "102"]
[EventDate "2003.11.29"]
[EventType "tourn"]
[EventRounds "7"]
[EventCountry "NED"]
[Source "P.Boonen"]
[SourceDate "2012.01.01"]

1. g3 c5 2. Bg2 Nc6 3. f4 g6 4. Nf3 Bg7 5. O-O Nf6 6. d3 O-O 7. e4 d6 8. a4 Qc7
9. Na3 Rb8 10. Qe1 a6 11. Nc4 b5 12. axb5 axb5 13. Ne3 e5 14. f5 Nd4 15. g4
Nxf3+ 16. Bxf3 h6 17. h4 g5 18. hxg5 hxg5 19. Kg2 Bb7 20. Rh1 Ra8 21. Rxa8 Rxa8
22. Nd1 Nh7 23. Rxh7 Kxh7 24. Bxg5 Rh8 25. f6 Bf8 26. Bd2 Kg8 27. g5 Bc8 28.
Ne3 Bh3+ 29. Kf2 Qd7 30. Qg1 Rh7 31. Ke2 Be6 32. Kd1 c4 33. Bg4 cxd3 34. cxd3
Bxg4+ 35. Nxg4 Rh4 36. Nh6+ Bxh6 37. gxh6+ Rg4 38. Qb6 Kh7 39. Qb8 Rg8 40. Qb6
Qg4+ 41. Kc2 Rc8+ 42. Bc3 Qe2+ 43. Kc1 Ra8 44. Ba5 Qxd3 45. Qb7 Qc4+ 46. Bc3
Ra1+ 47. Kc2 Rg1 48. Qa7 Rg2+ 49. Kb1 b4 50. Bxb4 Qc2+ 51. Ka1 Qxb2# 1-0

[Event "LiSB-ch"]
[Site "Sittard"]
[Date "2003.12.06"]
[Round "5"]
[White "Bischoff, Gerard"]
[Black "Hendrikx, Tony"]
[Result "1/2-1/2"]
[WhiteElo "1976"]
[BlackElo "1947"]
[PlyCount "34"]
[EventDate "2003.11.29"]
[EventType "tourn"]
[EventRounds "7"]
[EventCountry "NED"]
[Source "P.Boonen"]
[SourceDate "2012.01.01"]

1. d4 g6 2. c4 Bg7 3. Nc3 c5 4. d5 Bxc3+ 5. bxc3 f5 6. f3 Nf6 7. Qc2 Qa5 8. Bd2
d6 9. e4 fxe4 10. fxe4 Nbd7 11. Nf3 Ng4 12. Be2 Nde5 13. Nxe5 Nxe5 14. Bh6 Rg8
15. Rb1 Qa6 16. O-O Bd7 17. Bf4 Ng4 1/2-1/2

[Event "LiSB-ch"]
[Site "Sittard"]
[Date "2003.12.06"]
[Round "5"]
[White "Bus, Tom"]
[Black "Talsma, Paul A"]
[Result "0-1"]
[WhiteElo "1979"]
[BlackElo "2155"]
[PlyCount "87"]
[EventDate "2003.11.29"]
[EventType "tourn"]
[EventRounds "7"]
[EventCountry "NED"]
[Source "P.Boonen"]
[SourceDate "2012.01.01"]

1. c4 f5 2. g3 Nf6 3. Bg2 g6 4. Nc3 Bg7 5. d3 O-O 6. e4 d6 7. Nge2 c6 8. O-O a5
9. h3 Na6 10. Be3 e5 11. exf5 gxf5 12. f4 Be6 13. Qd2 Qe7 14. Rae1 Kh8 15. b3
Qf7 16. fxe5 dxe5 17. d4 Rad8 18. Qc2 Nb4 19. Qb1 e4 20. Nf4 Nh5 21. Nxe6 Qxe6
22. g4 fxg4 23. Nxe4 gxh3 24. Ng5 Qg6 25. Qxg6 hxg6 26. Bxh3 Nc2 27. Ne6 Rxf1+
28. Kxf1 Re8 29. d5 Nxe1 30. Kxe1 Be5 31. Bb6 Nf4 32. Nxf4 Bxf4+ 33. Kf1 Bd2
34. d6 Be3 35. Bxa5 Bg5 36. Kf2 Re3 37. Bc8 Rd3 38. d7 b5 39. cxb5 cxb5 40. Bb4
Kg7 41. a4 Rxb3 42. Ba5 bxa4 43. d8=Q Bxd8 44. Bxd8 0-1

[Event "LiSB-ch"]
[Site "Sittard"]
[Date "2003.12.06"]
[Round "5"]
[White "Renet, Jacques"]
[Black "Simenon, Jozef"]
[Result "1-0"]
[WhiteElo "2212"]
[BlackElo "1983"]
[PlyCount "117"]
[EventDate "2003.11.29"]
[EventType "tourn"]
[EventRounds "7"]
[EventCountry "NED"]
[Source "P.Boonen"]
[SourceDate "2012.01.01"]

1. g3 c5 2. Bg2 g6 3. Nf3 Bg7 4. d4 cxd4 5. Nxd4 Nc6 6. Nxc6 bxc6 7. O-O Nf6 8.
c4 O-O 9. Nc3 Bb7 10. e4 d6 11. Be3 Nd7 12. Qd2 Ne5 13. b3 Ng4 14. Bf4 Qa5 15.
Rac1 Rfd8 16. h3 Nf6 17. Rfd1 Rac8 18. Rc2 Ba8 19. Qe2 Nh5 20. Bd2 Qa6 21. Be3
Nf6 22. Kh2 c5 23. Nd5 Bxd5 24. cxd5 Qxe2 25. Rxe2 Nd7 26. Rc2 a5 27. Bf1 Ra8
28. Bb5 Ne5 29. Kg2 Rdb8 30. Ba4 f6 31. f4 Nf7 32. Rc4 Nd8 33. Bd2 Ra7 34. Re1
Nf7 35. g4 Bh6 36. Rc2 Bg7 37. h4 Rd8 38. Rc4 Rb8 39. Kh3 Kf8 40. Bc3 Kg8 41.
Rf1 Kh8 42. Rf2 Kg8 43. Kg3 h5 44. gxh5 gxh5 45. Kf3 Kh7 46. Rg2 Rg8 47. Bd2
Bh6 48. Rxg8 Kxg8 49. Be8 Ne5+ 50. fxe5 Bxd2 51. Rc2 Bh6 52. e6 Ra8 53. Bxh5 a4
54. bxa4 Rxa4 55. Be8 Ra3+ 56. Kg4 Re3 57. Rc4 Re2 58. a4 Bd2 59. Bb5 1-0

[Event "LiSB-ch"]
[Site "Sittard"]
[Date "2003.12.06"]
[Round "5"]
[White "Van Gool, Henk"]
[Black "Coenen, Eduard"]
[Result "1-0"]
[WhiteElo "2112"]
[BlackElo "2069"]
[PlyCount "73"]
[EventDate "2003.11.29"]
[EventType "tourn"]
[EventRounds "7"]
[EventCountry "NED"]
[Source "P.Boonen"]
[SourceDate "2012.01.01"]

1. e4 e6 2. d4 d5 3. Nd2 c5 4. Ngf3 cxd4 5. exd5 Qxd5 6. Bc4 Qd8 7. O-O Nf6 8.
Nb3 Nc6 9. Qe2 a6 10. a4 Bd6 11. Rd1 O-O 12. Nbxd4 Nxd4 13. Rxd4 Qb6 14. a5 Qc7
15. Bg5 e5 16. Rh4 Qe7 17. Bd3 h6 18. Bxf6 Qxf6 19. Qe4 g6 20. Rxh6 Kg7 21. Rh4
Bf5 22. Qe3 Rh8 23. Rxh8 Rxh8 24. Be4 Bc7 25. c4 Be6 26. c5 Bf5 27. b4 Rd8 28.
Re1 Bxe4 29. Qxe4 Qc6 30. Qc2 Qd5 31. h3 f5 32. Qc3 Kf6 33. h4 Qd3 34. Qc1 e4
35. Qg5+ Kf7 36. h5 exf3 37. Re7+ 1-0

[Event "LiSB-ch"]
[Site "Sittard"]
[Date "2003.12.06"]
[Round "6"]
[White "Coenen, Eduard"]
[Black "Bischoff, Gerard"]
[Result "1-0"]
[WhiteElo "2069"]
[BlackElo "1976"]
[PlyCount "131"]
[EventDate "2003.11.29"]
[EventType "tourn"]
[EventRounds "7"]
[EventCountry "NED"]
[Source "P.Boonen"]
[SourceDate "2012.01.01"]

1. d4 d5 2. Nf3 Nf6 3. c3 Bg4 4. Ne5 Bh5 5. Bg5 h6 6. Bh4 c6 7. h3 g5 8. Bg3
Ne4 9. Bh2 Nd7 10. f3 Nxe5 11. fxe4 Nc4 12. Qb3 Na5 13. Qc2 Bg6 14. Nd2 b5 15.
e3 Nc4 16. Bxc4 bxc4 17. Qa4 Qd7 18. exd5 cxd5 19. Qxd7+ Kxd7 20. O-O Rc8 21.
b3 f6 22. bxc4 Bd3 23. Rfe1 dxc4 24. e4 e6 25. a4 Rc6 26. a5 Bd6 27. Bxd6 Kxd6
28. e5+ fxe5 29. Rxe5 Rb8 30. Rae1 Kd7 31. Nf3 Rd6 32. Rc5 Rb7 33. Ne5+ Kd8 34.
Nxc4 Bxc4 35. Rxc4 Rb3 36. Re5 Kd7 37. Rec5 Ra6 38. Rc7+ Kd6 39. R4c5 Ra3 40.
Rh7 R6xa5 41. Rcc7 e5 42. Rhd7+ Ke6 43. Re7+ Kf5 44. dxe5 Rxe5 45. Rf7+ Ke4 46.
Rf6 h5 47. Rf1 a5 48. Re1+ Kd5 49. Rc5+ Kxc5 50. Rxe5+ Kc4 51. Rxg5 Kxc3 52.
Rxh5 Ra1+ 53. Kf2 a4 54. h4 Kd4 55. Ra5 Kc4 56. h5 Kb4 57. Ra7 Rc1 58. h6 Rc6
59. h7 Rh6 60. Kg3 a3 61. Kg4 Kb3 62. Kg5 Rh2 63. g4 a2 64. Kg6 Rh4 65. g5 Kb2
66. Rxa2+ 1-0

[Event "LiSB-ch"]
[Site "Sittard"]
[Date "2003.12.06"]
[Round "6"]
[White "Hendrikx, Tony"]
[Black "Bus, Tom"]
[Result "1/2-1/2"]
[WhiteElo "1947"]
[BlackElo "1979"]
[PlyCount "48"]
[EventDate "2003.11.29"]
[EventType "tourn"]
[EventRounds "7"]
[EventCountry "NED"]
[Source "P.Boonen"]
[SourceDate "2012.01.01"]

1. d4 Nf6 2. Bg5 c5 3. Bxf6 gxf6 4. d5 Qb6 5. Qc1 f5 6. e3 Bg7 7. c3 d6 8. g3
Nd7 9. Ne2 Ne5 10. Nf4 Nf3+ 11. Ke2 Ne5 12. Nd2 h5 13. h4 Bd7 14. f3 O-O-O 15.
a4 Bxa4 16. Kf2 Bd7 17. Qc2 Kb8 18. Ra3 Rc8 19. c4 Rhg8 20. Bh3 e6 21. Rha1 Bf6
22. Qb1 Qb4 23. Qc2 Qb6 24. Qb1 Qb4 1/2-1/2

[Event "LiSB-ch"]
[Site "Sittard"]
[Date "2003.12.06"]
[Round "6"]
[White "Renet, Jacques"]
[Black "Van Gool, Henk"]
[Result "0-1"]
[WhiteElo "2212"]
[BlackElo "2112"]
[PlyCount "122"]
[EventDate "2003.11.29"]
[EventType "tourn"]
[EventRounds "7"]
[EventCountry "NED"]
[Source "P.Boonen"]
[SourceDate "2012.01.01"]

1. g3 e5 2. Bg2 d5 3. d3 c6 4. c3 Nf6 5. Qc2 Bc5 6. b4 Bb6 7. Nf3 Nbd7 8. e4 a5
9. a3 axb4 10. cxb4 O-O 11. O-O Re8 12. Bb2 Qe7 13. Nbd2 d4 14. Rfb1 Bc7 15. a4
Bd6 16. b5 cxb5 17. axb5 Rxa1 18. Rxa1 Nb6 19. Nc4 Nxc4 20. Qxc4 Nd7 21. Nd2
Bb4 22. Bc1 Nb6 23. Qa2 Bc3 24. Rb1 Be6 25. Nc4 Ra8 26. Qb3 Qc7 27. Bf1 Rc8 28.
Bb2 Nxc4 29. dxc4 Bxc4 30. Bxc4 Qxc4 31. Qxc4 Rxc4 32. Rc1 Kf8 33. Kf1 Ke7 34.
Ke2 Kd6 35. Ba3+ Kd7 36. f4 Ra4 37. Bf8 f5 38. Kd3 fxe4+ 39. Kxe4 exf4 40. gxf4
g6 41. h3 Ke6 42. Bc5 Bd2 43. Rc2 Bxf4 44. Bf8 Bd6 45. Bxd6 Kxd6 46. b6 Rb4 47.
Rc7 Rxb6 48. Rxh7 Kc5 49. Rc7+ Rc6 50. Rxb7 Re6+ 51. Kd3 Re3+ 52. Kd2 Rxh3 53.
Rg7 Rg3 54. Rg8 Kd5 55. Rd8+ Ke4 56. Re8+ Kf4 57. Rf8+ Kg4 58. Rd8 d3 59. Rh8
g5 60. Rh7 Rf3 61. Rh1 Kf4 0-1

[Event "LiSB-ch"]
[Site "Sittard"]
[Date "2003.12.06"]
[Round "6"]
[White "Simenon, Jozef"]
[Black "Talsma, Paul A"]
[Result "0-1"]
[WhiteElo "1983"]
[BlackElo "2155"]
[PlyCount "46"]
[EventDate "2003.11.29"]
[EventType "tourn"]
[EventRounds "7"]
[EventCountry "NED"]
[Source "P.Boonen"]
[SourceDate "2012.01.01"]

1. c4 f5 2. Nc3 Nf6 3. g3 g6 4. Bg2 Bg7 5. d4 O-O 6. e3 d6 7. Nge2 a5 8. b3 Na6
9. Bb2 c6 10. O-O Qe8 11. Qd2 Rb8 12. e4 fxe4 13. Nxe4 Nxe4 14. Bxe4 Bh3 15.
Rfe1 Qf7 16. f4 a4 17. Nc3 b5 18. cxb5 cxb5 19. bxa4 bxa4 20. Bd5 e6 21. Be4
Rxb2 22. Qxb2 Bxd4+ 23. Kh1 Bxc3 0-1